[Event "European Women-ch 2023"]
[Site "Petrovac"]
[Date "2023.03.19"]
[Round "2.8"]
[White "Zaksaite, Salomeja"]
[Black "Heinemann, Josefine"]
[Result "1/2-1/2"]
[WhiteElo "2187"]
[BlackElo "2343"]
[Annotator "TA"]
[PlyCount "207"]
[EventDate "2023.03.15"]
[EventType "swiss"]
[EventCountry "MNE"]
[SourceTitle "playchess.com"]
[Source "ChessBase"]
[SourceQuality "1"]

1. d4 Nf6 2. Nc3 d5 3. Bf4 c5 4. e4 Nxe4 5. Nxe4 dxe4 6. dxc5 Qxd1+ 7. Rxd1 Nc6 8. Bb5 f6 9. Ne2 e5 10. Be3 Be6 11. O-O Rc8 12. Nc3 f5 13. b4 Kf7 14. a3 h6 15. Nd5 f4 16. Bc1 Nd4 17. Rxd4 exd4 18. Nxf4 b6 19. Ba6 Be7 20. Bxc8 Rxc8 21. Re1 Bf5 22. g4 Bh7 23. Nd5 Bf8 24. c4 bxc5 25. b5 g5 26. a4 Bd6 27. Bd2 Ke6 28. a5 Bg6 29. a6 Be5 30. b6 axb6 31. a7 Ra8 32. Ra1 e3 33. fxe3 dxe3 34. Bxe3 Be4 35. Ra6 Bxd5 36. Rxb6+ Kd7 37. cxd5 Rxa7 38. Rxh6 Ra1+ 39. Kg2 Ra2+ 40. Kf3 Bxh2 41. Bxc5 Bf4 42. Rh7+ Ke8 43. Bd4 Rd2 44. Ke4 Re2+ 45. Kf5 Rd2 46. Ke6 Re2+ 47. Kf6 Bd6 48. Rh8+ Kd7 49. Kxg5 Rd2 50. Rh7+ Kc8 51. Bf6 Rxd5+ 52. Kg6 Bf4 53. g5 Bxg5 54. Bxg5 Rd7 55. Be7 Kc7 56. Kf5 Kc6 57. Ke6 Rd2 58. Bf6 Rd6+ 59. Ke5 Rd5+ 60. Ke4 Rd1 61. Bd4 Re1+ 62. Be3 Rd1 63. Rh6+ Rd6 64. Rh1 Re6+ 65. Kd4 Rd6+ 66. Kc4 Rg6 67. Bd4 Kd6 68. Bc5+ Ke6 69. Re1+ Kf7 70. Re7+ Kf6 71. Rb7 Ke5 72. Bd4+ Ke6 73. Ra7 Rg5 74. Ra6+ Kf5 75. Rf6+ Kg4 76. Kd3 Rf5 77. Rg6+ Kf3 78. Rg1 Kf4 79. Re1 Kg5 80. Ke4 Rf4+ 81. Kd5 Kf5 82. Re8 Kg4 83. Be5 Rf5 84. Ke4 Rg5 85. Ra8 Rg6 86. Ra1 Rg5 87. Bf4 Rg6 88. Rb1 Re6+ 89. Be5 Rg6 90. Rf1 Rg5 91. Rf4+ Kh5 92. Rf7 Kg4 93. Rf4+ Kh5 94. Rf1 Kg4 95. Bf6 Rg6 96. Ke5 Kh5 97. Be7 Kg4 98. Rf4+ Kg3 99. Bh4+ Kh3 100. Kf5 Rg8 101. Rf1 Kg2 102. Rf2+ Kh3 103. Ra2 Kxh4 104. Rh2+ 1/2-1/2

[Event "European Women-ch 2023"]
[Site "Petrovac"]
[Date "2023.03.19"]
[Round "2.8"]
[White "Pavlidou, Ekaterini"]
[Black "Lomaia, Diana"]
[Result "0-1"]
[WhiteElo "2178"]
[BlackElo "1950"]
[Annotator "TA"]
[PlyCount "80"]
[EventDate "2023.03.15"]
[EventType "swiss"]
[EventCountry "MNE"]
[SourceTitle "playchess.com"]
[Source "ChessBase"]
[SourceQuality "1"]

1. Nf3 Nf6 2. c4 e6 3. Nc3 b6 4. e4 Bb7 5. e5 Ne4 6. Nxe4 Bxe4 7. Be2 Be7 8. a3 d6 9. d3 Bb7 10. exd6 Qxd6 11. d4 Bf6 12. Be3 O-O 13. Qd2 Rd8 14. Rd1 Qe7 15. Qc1 Nd7 16. O-O c5 17. Rfe1 cxd4 18. Nxd4 Ne5 19. Nb5 Bc6 20. f4 Ng6 21. Nd4 Be4 22. Bf1 Nxf4 23. Bf2 Bg5 24. Qc3 Bb7 25. Qg3 Qf6 26. h4 Bh6 27. b4 e5 28. Nb5 a6 29. Nc3 Rxd1 30. Rxd1 Qc6 31. b5 Qe6 32. bxa6 Bxa6 33. Nb5 Bxb5 34. cxb5 g6 35. Qe3 Rb8 36. Qe4 Qg4 37. Qxe5 Nh3+ 38. Kh1 Nxf2+ 39. Kg1 Nh3+ 40. Kh1 Qxd1 0-1

[Event "European Women-ch 2023"]
[Site "Petrovac"]
[Date "2023.03.19"]
[Round "2.9"]
[White "Mkrtchyan, Mariam"]
[Black "Petrova, Irina"]
[Result "1-0"]
[WhiteElo "2343"]
[BlackElo "2123"]
[Annotator "TA"]
[PlyCount "83"]
[EventDate "2023.03.15"]
[EventType "swiss"]
[EventCountry "MNE"]
[SourceTitle "playchess.com"]
[Source "ChessBase"]
[SourceQuality "1"]

1. d4 d6 2. Nf3 g6 3. c4 Bg7 4. Nc3 Nf6 5. g3 c6 6. e4 Qa5 7. Bd2 O-O 8. h3 e5 9. d5 Qd8 10. Be2 cxd5 11. cxd5 a5 12. Be3 Bd7 13. Nd2 Ne8 14. Nc4 Na6 15. Bb6 Qe7 16. Bxa5 f5 17. Nb6 Rb8 18. b4 Nf6 19. Bd3 fxe4 20. Nxe4 Bf5 21. Qe2 Nxe4 22. Bxe4 Qf7 23. f3 Bxe4 24. fxe4 Qc7 25. b5 Nc5 26. Nc4 b6 27. Bb4 Rbc8 28. Rc1 Qe7 29. Bd2 Ra8 30. Rc2 Ra4 31. Rb2 Qf6 32. Bb4 Qg5 33. Kd1 Rxb4 34. Rxb4 Qxg3 35. Rf1 Rxf1+ 36. Qxf1 Nxe4 37. Rb3 Qg5 38. Kc2 Nc5 39. Ra3 h5 40. Ra7 Kh7 41. Qf7 Qh6 42. Nxd6 1-0

[Event "European Women-ch 2023"]
[Site "Petrovac"]
[Date "2023.03.19"]
[Round "2.9"]
[White "Hrebenshchykova, Yelyzaveta"]
[Black "Kiolbasa, Oliwia"]
[Result "0-1"]
[WhiteElo "2289"]
[BlackElo "2406"]
[Annotator "TA"]
[PlyCount "83"]
[EventDate "2023.03.15"]
[EventType "swiss"]
[EventCountry "MNE"]
[SourceTitle "playchess.com"]
[Source "ChessBase"]
[SourceQuality "1"]

1. d4 d5 2. c4 e6 3. Nc3 Nf6 4. Bg5 Be7 5. e3 O-O 6. Nf3 h6 7. Bxf6 Bxf6 8. Rc1 b6 9. Bd3 Bb7 10. cxd5 exd5 11. O-O a6 12. b4 Re8 13. Qb3 Qd6 14. Rfe1 Nd7 15. g3 Nf8 16. b5 a5 17. e4 dxe4 18. Bxe4 Bxe4 19. Nxe4 Qd8 20. Nxf6+ Qxf6 21. Rxe8 Rxe8 22. Rxc7 Ne6 23. Rc6 Qf5 24. Rxb6 Ng5 25. Ne5 Qe4 26. h4 Rxe5 27. hxg5 Rf5 28. Qe3 Qb1+ 29. Kg2 hxg5 30. Rb8+ Kh7 31. g4 Rf6 32. Qe8 Rh6 33. Qg8+ Kg6 34. Rb6+ f6 35. Qe8+ Kh7 36. Kg3 Qg1+ 37. Kf3 Rh3+ 38. Ke2 Qxg4+ 39. Ke1 Rh1+ 40. Kd2 Qxd4+ 41. Kc2 Qxf2+ 42. Kd3 0-1

[Event "European Women-ch 2023"]
[Site "Petrovac"]
[Date "2023.03.19"]
[Round "2.9"]
[White "Makka, Ioulia"]
[Black "Mayrhuber, Nikola"]
[Result "1-0"]
[WhiteElo "1949"]
[BlackElo "2162"]
[Annotator "TA"]
[PlyCount "83"]
[EventDate "2023.03.15"]
[EventType "swiss"]
[EventCountry "MNE"]
[SourceTitle "playchess.com"]
[Source "ChessBase"]
[SourceQuality "1"]

1. e4 c5 2. Nf3 d6 3. d4 cxd4 4. Nxd4 Nf6 5. Nc3 a6 6. h3 e5 7. Nde2 h5 8. Ng1 b5 9. Nf3 Bb7 10. Ng5 Be7 11. a3 Nbd7 12. Be3 Rc8 13. Be2 Nb6 14. O-O Nc4 15. Bc1 d5 16. exd5 Nxd5 17. Nge4 Nxc3 18. Nxc3 Qxd1 19. Nxd1 e4 20. b3 Ne5 21. Ne3 Bc5 22. Ra2 Nc6 23. c4 Nd4 24. Bd1 Ba7 25. Bd2 f5 26. cxb5 axb5 27. Re1 Kf7 28. a4 f4 29. Nc2 e3 30. fxe3 Nxb3 31. Bb4 Be4 32. axb5 Bb6 33. Ra6 Rh6 34. Na3 Nc1 35. Bd2 Rd6 36. Bxh5+ g6 37. Bg4 fxe3 38. Bxe3 Bxe3+ 39. Rxe3 Rxa6 40. bxa6 Bf5 41. Bf3 Nd3 42. a7 1-0

[Event "European Women-ch 2023"]
[Site "Petrovac"]
[Date "2023.03.19"]
[Round "2.10"]
[White "Antolak, Julia"]
[Black "Milliet, Sophie"]
[Result "1/2-1/2"]
[WhiteElo "2276"]
[BlackElo "2404"]
[Annotator "TA"]
[PlyCount "51"]
[EventDate "2023.03.15"]
[EventType "swiss"]
[EventCountry "MNE"]
[SourceTitle "playchess.com"]
[Source "ChessBase"]
[SourceQuality "1"]

1. e4 e5 2. Nf3 Nc6 3. Bc4 Nf6 4. Ng5 d5 5. exd5 Na5 6. Bb5+ c6 7. dxc6 bxc6 8. Be2 h6 9. Nh3 Bd6 10. d3 O-O 11. O-O Qc7 12. Kh1 Be6 13. Nc3 Rad8 14. Ng1 Nd5 15. Nxd5 cxd5 16. d4 e4 17. f4 f5 18. c3 Rd7 19. Be3 g5 20. fxg5 hxg5 21. Bxg5 Bxh2 22. Nh3 Rh7 23. Bh5 Bf7 24. Be2 Be6 25. Bh5 Bf7 26. Be2 1/2-1/2

[Event "European Women-ch 2023"]
[Site "Petrovac"]
[Date "2023.03.19"]
[Round "2.10"]
[White "Hajiyeva, Laman"]
[Black "Velikic, Adela"]
[Result "1-0"]
[WhiteElo "2118"]
[BlackElo "2329"]
[Annotator "TA"]
[PlyCount "189"]
[EventDate "2023.03.15"]
[EventType "swiss"]
[EventCountry "MNE"]
[SourceTitle "playchess.com"]
[Source "ChessBase"]
[SourceQuality "1"]

1. e4 c5 2. Nf3 d6 3. Bb5+ Nd7 4. O-O a6 5. Be2 Ngf6 6. d3 g6 7. c4 Bg7 8. Nc3 O-O 9. h3 Rb8 10. a4 b6 11. Be3 Bb7 12. Rb1 h6 13. Qd2 Kh7 14. b4 e6 15. Qc2 Qe7 16. Rb3 Ba8 17. Rfb1 Rbc8 18. bxc5 bxc5 19. Bf4 d5 20. a5 Bc6 21. Ra3 Rfd8 22. Ne5 Ba8 23. Nxd7 Qxd7 24. e5 Ng8 25. cxd5 Bxd5 26. Nxd5 Qxd5 27. Bf3 Qd4 28. Ra4 Qxd3 29. Qxd3 Rxd3 30. Bb7 Rb8 31. Rb6 Ne7 32. Bxa6 Rdd8 33. Bb7 Nd5 34. Bxd5 Rxb6 35. axb6 Rxd5 36. Ra1 Rd8 37. Rb1 Rb8 38. Kf1 Rb7 39. Ke2 g5 40. Bh2 Kg6 41. Kd3 Bf8 42. Kc4 Rb8 43. Kb5 Kf5 44. f3 c4 45. Kxc4 Rc8+ 46. Kb5 Rc5+ 47. Ka6 Rc6 48. Rb5 Be7 49. Ka7 Bd8 50. b7 Bc7 51. Rb2 Rc1 52. b8=Q Bxb8+ 53. Kxb8 h5 54. g4+ Kg6 55. Rf2 Rc3 56. Kb7 h4 57. Kb6 Rc1 58. Kb5 Kg7 59. Kb4 Kg6 60. Kb3 Ra1 61. Kb2 Rh1 62. Kc2 Ra1 63. Kd3 Ra3+ 64. Ke2 Ra1 65. Ke3 Ra3+ 66. Kd4 Ra4+ 67. Kc5 Ra5+ 68. Kb4 Rd5 69. Kc4 Ra5 70. Rf1 Ra2 71. Bg1 Rg2 72. Kd4 Rd2+ 73. Ke4 Re2+ 74. Kd4 Rd2+ 75. Ke3 Ra2 76. Rd1 Rg2 77. Ke4 Rg3 78. Ke3 Rg2 79. Rc1 Kg7 80. Ke4 Kg6 81. Be3 Rh2 82. Rc8 Kh7 83. Bxg5 Rxh3 84. Bf6 Rh1 85. Rh8+ Kg6 86. Bxh4 Kg7 87. Rh5 Kg6 88. Bf2 Ra1 89. f4 Ra2 90. Be3 Ra4+ 91. Kf3 Ra5 92. f5+ exf5 93. Rg5+ Kh7 94. Rxf5 Kg6 95. e6 1-0

[Event "European Women-ch 2023"]
[Site "Petrovac"]
[Date "2023.03.19"]
[Round "2.10"]
[White "Silva, Mariana Sofia T."]
[Black "Zherebtsova, Alexandra"]
[Result "0-1"]
[WhiteElo "1920"]
[BlackElo "2155"]
[Annotator "TA"]
[PlyCount "66"]
[EventDate "2023.03.15"]
[EventType "swiss"]
[EventCountry "MNE"]
[SourceTitle "playchess.com"]
[Source "ChessBase"]
[SourceQuality "1"]

1. d4 Nf6 2. c4 d6 3. Nf3 Nbd7 4. Nc3 e5 5. g3 c6 6. e4 exd4 7. Nxd4 Ne5 8. h3 d5 9. cxd5 cxd5 10. exd5 Bc5 11. Nb3 Qe7 12. Be2 Bb4 13. Be3 O-O 14. a3 Bxc3+ 15. bxc3 Rd8 16. c4 b5 17. cxb5 Nxd5 18. Qd4 Bf5 19. Qc5 Qf6 20. Bd4 Rac8 21. Bxe5 Qxe5 22. Qd4 Qe7 23. Qh4 g5 24. Qh5 Bg6 25. Qh6 Nc3 26. O-O Nxe2+ 27. Kh2 Nd4 28. Nxd4 Rxd4 29. Rae1 Qf6 30. Re3 Rd2 31. Kg1 Rxf2 32. Rfe1 Rg2+ 33. Kh1 Re2 0-1

[Event "European Women-ch 2023"]
[Site "Petrovac"]
[Date "2023.03.19"]
[Round "2.11"]
[White "Maltsevskaya, Aleksandra"]
[Black "Sliwicka, Alicja"]
[Result "1-0"]
[WhiteElo "2388"]
[BlackElo "2272"]
[Annotator "TA"]
[PlyCount "81"]
[EventDate "2023.03.15"]
[EventType "swiss"]
[EventCountry "MNE"]
[SourceTitle "playchess.com"]
[Source "ChessBase"]
[SourceQuality "1"]

1. Nf3 c5 2. c4 Nc6 3. Nc3 e6 4. d4 cxd4 5. Nxd4 Qb6 6. Nb3 Nf6 7. g3 Ne5 8. e4 Bb4 9. Qe2 d6 10. f4 Nc6 11. Be3 Qc7 12. Bd2 O-O 13. Bg2 Bxc3 14. Bxc3 e5 15. O-O Be6 16. f5 Bd7 17. g4 Rfc8 18. g5 Ne8 19. Rf3 f6 20. h4 Ne7 21. Nd2 b5 22. Kh2 bxc4 23. Rg3 d5 24. Qh5 Qd6 25. gxf6 Qxf6 26. exd5 Nxf5 27. Rg5 Ned6 28. Ne4 Qf7 29. Qxf7+ Nxf7 30. Nf6+ Kh8 31. Nxd7 Nxg5 32. hxg5 Ne3 33. Nxe5 Rf8 34. Re1 Nxg2 35. Kxg2 Rf5 36. d6 Raf8 37. d7 Kg8 38. Bb4 Rxg5+ 39. Kh3 Rd8 40. Nf3 Rxd7 41. Nxg5 1-0

[Event "European Women-ch 2023"]
[Site "Petrovac"]
[Date "2023.03.19"]
[Round "2.11"]
[White "Zhukova, Natalia"]
[Black "Makropoulou, Marina"]
[Result "1/2-1/2"]
[WhiteElo "2322"]
[BlackElo "2102"]
[Annotator "TA"]
[PlyCount "52"]
[EventDate "2023.03.15"]
[EventType "swiss"]
[EventCountry "MNE"]
[SourceTitle "playchess.com"]
[Source "ChessBase"]
[SourceQuality "1"]

1. c4 e5 2. Nc3 Nc6 3. Nf3 Nf6 4. e4 Bb4 5. d3 d6 6. a3 Bc5 7. b4 Bb6 8. Be2 O-O 9. Na4 Bd4 10. Rb1 a6 11. b5 axb5 12. cxb5 Ne7 13. Nxd4 exd4 14. O-O Bd7 15. Rb4 Ra5 16. Rxd4 Bxb5 17. Nc3 Ba6 18. Ra4 Rxa4 19. Qxa4 Qd7 20. Qd1 Nc6 21. Re1 Nd4 22. Bf1 Qc6 23. Bb2 Qc5 24. Qd2 h6 25. h3 Qg5 26. Qxg5 hxg5 1/2-1/2

[Event "European Women-ch 2023"]
[Site "Petrovac"]
[Date "2023.03.19"]
[Round "2.11"]
[White "Ivekovic, Tihana"]
[Black "Manova, Ivana"]
[Result "1/2-1/2"]
[WhiteElo "2132"]
[BlackElo "1923"]
[Annotator "TA"]
[PlyCount "82"]
[EventDate "2023.03.15"]
[EventType "swiss"]
[EventCountry "MNE"]
[SourceTitle "playchess.com"]
[Source "ChessBase"]
[SourceQuality "1"]

1. d4 d5 2. c4 dxc4 3. Nf3 Nf6 4. e3 e6 5. Bxc4 a6 6. O-O b5 7. Be2 Bb7 8. a4 b4 9. b3 Nbd7 10. Bb2 Be7 11. Nbd2 O-O 12. Nc4 a5 13. Rc1 c5 14. Nfe5 cxd4 15. Bxd4 Nxe5 16. Bxe5 Nd5 17. Bf3 Bf6 18. Qd4 Ra6 19. Bxf6 Qxf6 20. Qxf6 gxf6 21. Rfd1 Ba8 22. Kf1 Rc8 23. Rd4 f5 24. Rcd1 Kg7 25. R1d2 Kf6 26. Be2 Ra7 27. f3 Nc3 28. Rd7 Rxd7 29. Rxd7 Bc6 30. Rd4 Bd5 31. Nxa5 Nxe2 32. Kxe2 Rc2+ 33. Rd2 Rc5 34. Nc4 Bxc4+ 35. bxc4 Rxc4 36. Rb2 b3 37. Rxb3 Rxa4 38. f4 Kg6 39. Kf3 Rc4 40. Rb8 Kg7 41. h3 h5 1/2-1/2

[Event "European Women-ch 2023"]
[Site "Petrovac"]
[Date "2023.03.19"]
[Round "2.12"]
[White "Zhapova, Yana"]
[Black "Beydullayeva, Govhar"]
[Result "0-1"]
[WhiteElo "2269"]
[BlackElo "2388"]
[Annotator "TA"]
[PlyCount "74"]
[EventDate "2023.03.15"]
[EventType "swiss"]
[EventCountry "MNE"]
[SourceTitle "playchess.com"]
[Source "ChessBase"]
[SourceQuality "1"]

1. e4 c5 2. Nf3 d6 3. d4 cxd4 4. Nxd4 Nf6 5. Nc3 a6 6. g3 e6 7. Bg2 Be7 8. O-O O-O 9. Be3 Qc7 10. Qe2 Nc6 11. Nb3 Ne5 12. Rad1 Nc4 13. Bc1 Rb8 14. g4 h6 15. f4 Nh7 16. Rd3 b5 17. Qe1 b4 18. Ne2 e5 19. h3 a5 20. Qg3 Ba6 21. Re1 a4 22. Nd2 Nb6 23. Nf3 Bxd3 24. cxd3 Nd7 25. d4 Rbe8 26. Kh1 Bd8 27. Bd2 Ndf6 28. Nc1 Qc2 29. Re2 Nxe4 30. Qe1 Nxd2 31. Rxd2 Qc4 32. dxe5 dxe5 33. fxe5 Ng5 34. Ng1 Bc7 35. Re2 Rxe5 36. Rxe5 Bxe5 37. Qxe5 Qxc1 0-1

[Event "European Women-ch 2023"]
[Site "Petrovac"]
[Date "2023.03.19"]
[Round "2.12"]
[White "Shuqja, Klean"]
[Black "Kejzar, Petra"]
[Result "1-0"]
[WhiteElo "1884"]
[BlackElo "2128"]
[Annotator "TA"]
[PlyCount "113"]
[EventDate "2023.03.15"]
[EventType "swiss"]
[EventCountry "MNE"]
[SourceTitle "playchess.com"]
[Source "ChessBase"]
[SourceQuality "1"]

1. e4 c5 2. b3 Nc6 3. Bb2 e5 4. Bb5 Bd6 5. f4 Nge7 6. Qf3 Nd4 7. Bxd4 exd4 8. Ne2 O-O 9. O-O Bc7 10. Bc4 Rb8 11. a4 a6 12. Na3 Ba5 13. c3 dxc3 14. dxc3 d6 15. Rad1 Qc7 16. f5 b5 17. axb5 d5 18. exd5 Nxf5 19. bxa6 Nd6 20. Qd3 Bg4 21. Nb5 Nxb5 22. Bxb5 Bxe2 23. Qxe2 Bxc3 24. Kh1 Rb6 25. Bc4 Bf6 26. Rd3 Qd6 27. Re3 Rbb8 28. Re1 h6 29. Qf3 Ra8 30. Qg3 Qd8 31. Qg4 Bg5 32. R3e2 Qd6 33. Qf5 Qf6 34. Qxf6 Bxf6 35. g3 Rfd8 36. Kg2 Kf8 37. Kf3 g6 38. Bb5 Bd4 39. Re8+ Rxe8 40. Rxe8+ Rxe8 41. Bxe8 c4 42. Ba4 cxb3 43. Bxb3 Ke7 44. d6+ Kxd6 45. Bxf7 Ke5 46. Bxg6 Ba7 47. Kg4 Kf6 48. Kh5 Kg7 49. Bd3 Bb8 50. g4 Ba7 51. h4 Be3 52. g5 hxg5 53. hxg5 Ba7 54. g6 Bd4 55. Kg5 Kf8 56. Kf5 Ke7 57. Ke4 1-0

[Event "European Women-ch 2023"]
[Site "Petrovac"]
[Date "2023.03.19"]
[Round "2.12"]
[White "Maras, Marija Mia"]
[Black "Klek, Hanna Marie"]
[Result "0-1"]
[WhiteElo "1051"]
[BlackElo "2314"]
[Annotator "TA"]
[PlyCount "62"]
[EventDate "2023.03.15"]
[EventType "swiss"]
[EventCountry "MNE"]
[SourceTitle "playchess.com"]
[Source "ChessBase"]
[SourceQuality "1"]

1. c4 e5 2. Nc3 Nc6 3. g3 Bc5 4. Ne4 Be7 5. Bg2 f5 6. Nc3 Nf6 7. e3 d6 8. Nge2 O-O 9. Nd5 a5 10. d3 Be6 11. e4 fxe4 12. dxe4 Bg4 13. Be3 Kh8 14. O-O Qd7 15. Re1 Rf7 16. Qd2 Raf8 17. f4 exf4 18. Nexf4 Ne5 19. Rf1 Nxc4 20. Qc3 Nxd5 21. Nxd5 Nxe3 22. Qxe3 Bd8 23. Rxf7 Rxf7 24. Rf1 c6 25. Rxf7 Qxf7 26. Nf4 Bf6 27. b3 a4 28. h3 axb3 29. axb3 Bd1 30. b4 Qc4 31. Qa7 Bd4+ 0-1

[Event "European Women-ch 2023"]
[Site "Petrovac"]
[Date "2023.03.19"]
[Round "2.13"]
[White "Garcia Martin, Marta"]
[Black "Kobak, Polina"]
[Result "1-0"]
[WhiteElo "2306"]
[BlackElo "1815"]
[Annotator "TA"]
[PlyCount "83"]
[EventDate "2023.03.15"]
[EventType "swiss"]
[EventCountry "MNE"]
[SourceTitle "playchess.com"]
[Source "ChessBase"]
[SourceQuality "1"]

1. e4 c5 2. Nf3 Nc6 3. Bb5 e6 4. Bxc6 bxc6 5. d3 Ne7 6. Qe2 d6 7. O-O e5 8. c3 Ng6 9. d4 cxd4 10. cxd4 Be7 11. dxe5 dxe5 12. Be3 O-O 13. Qc2 Ba6 14. Rd1 Qa5 15. Nbd2 Be2 16. Rdc1 Rab8 17. Nb3 Qa6 18. Qxc6 Qxc6 19. Rxc6 a5 20. Nxa5 Rxb2 21. Nc4 Rb4 22. Nfd2 Ra8 23. Nb6 Rd8 24. a4 h6 25. Nd5 Rb7 26. Bb6 Ra8 27. a5 Bd8 28. Nb3 Ne7 29. Nxe7+ Bxe7 30. Rac1 Kh7 31. h3 Bd8 32. Nc5 Re7 33. Bxd8 Rxd8 34. a6 Ra7 35. Rb1 Rda8 36. Rb7 Kg8 37. Rcc7 Rxa6 38. Nxa6 Bxa6 39. Ra7 Rxa7 40. Rxa7 Bc4 41. h4 f6 42. f3 1-0

[Event "European Women-ch 2023"]
[Site "Petrovac"]
[Date "2023.03.19"]
[Round "2.13"]
[White "Radeva, Viktoria"]
[Black "Mkrtchian, Lilit"]
[Result "1/2-1/2"]
[WhiteElo "2247"]
[BlackElo "2379"]
[Annotator "TA"]
[PlyCount "34"]
[EventDate "2023.03.15"]
[EventType "swiss"]
[EventCountry "MNE"]
[SourceTitle "playchess.com"]
[Source "ChessBase"]
[SourceQuality "1"]

1. e4 c6 2. Nc3 d5 3. Nf3 Bg4 4. h3 Bxf3 5. Qxf3 e6 6. Be2 d4 7. Nb1 Bd6 8. d3 Ne7 9. g3 c5 10. O-O Nbc6 11. Qg2 O-O 12. f4 f5 13. Nd2 Qd7 14. Bf3 Bc7 15. Nc4 b5 16. Na3 a6 17. exf5 Rxf5 1/2-1/2

[Event "European Women-ch 2023"]
[Site "Petrovac"]
[Date "2023.03.19"]
[Round "2.13"]
[White "Hrescak, Ivana"]
[Black "Petrovska, Katerina"]
[Result "1/2-1/2"]
[WhiteElo "2127"]
[BlackElo "1907"]
[Annotator "TA"]
[PlyCount "98"]
[EventDate "2023.03.15"]
[EventType "swiss"]
[EventCountry "MNE"]
[SourceTitle "playchess.com"]
[Source "ChessBase"]
[SourceQuality "1"]

1. d4 d5 2. c4 e6 3. Nc3 h6 4. Bf4 Bd6 5. Bxd6 Qxd6 6. cxd5 exd5 7. Nf3 Nf6 8. Qc2 Nc6 9. a3 a6 10. e3 Bg4 11. Bd3 O-O 12. Ne2 a5 13. h3 Bd7 14. Ng3 Ne7 15. O-O Rfc8 16. Qc5 b6 17. Qxd6 cxd6 18. Nd2 Rc7 19. f3 Rac8 20. Rfe1 h5 21. e4 h4 22. e5 dxe5 23. dxe5 Nh7 24. Ne2 Bf5 25. Nf4 Bxd3 26. Nxd3 Rc2 27. Nf1 Nf8 28. Rad1 Nf5 29. Ne3 Nxe3 30. Rxe3 Ne6 31. f4 g6 32. f5 gxf5 33. g3 hxg3 34. Rxg3+ Kf8 35. Rf1 f4 36. Rg4 Rd2 37. Nxf4 Nxf4 38. Rgxf4 Rc7 39. e6 Rxb2 40. Rxf7+ Rxf7 41. Rxf7+ Ke8 42. Rd7 Rb3 43. Rxd5 Rxh3 44. Rb5 Rxa3 45. Rxb6 Ke7 46. Ra6 Ra1+ 47. Kf2 a4 48. Ke2 a3 49. Kd2 a2 1/2-1/2

[Event "European Women-ch 2023"]
[Site "Petrovac"]
[Date "2023.03.19"]
[Round "2.14"]
[White "Garifullina, Leya"]
[Black "Eric, Jovana"]
[Result "1-0"]
[WhiteElo "2372"]
[BlackElo "2230"]
[Annotator "TA"]
[PlyCount "101"]
[EventDate "2023.03.15"]
[EventType "swiss"]
[EventCountry "MNE"]
[SourceTitle "playchess.com"]
[Source "ChessBase"]
[SourceQuality "1"]

1. e4 e6 2. d4 d5 3. Nc3 Bb4 4. e5 c5 5. a3 Bxc3+ 6. bxc3 Ne7 7. Qg4 Qc7 8. Qxg7 Rg8 9. Qxh7 cxd4 10. Ne2 Nbc6 11. f4 dxc3 12. Qd3 Bd7 13. Nxc3 a6 14. Bb2 Na5 15. Qd2 Nf5 16. Qf2 Bc6 17. Bd3 O-O-O 18. Rg1 d4 19. Nd1 Qb6 20. Bc1 Rh8 21. g4 Nh4 22. Rg3 Qc5 23. Bd2 Qd5 24. h3 Nc4 25. Bb4 Ne3 26. Ke2 Nhg2 27. Bd2 Nxc2 28. Rc1 Nce3 29. Qf3 Kb8 30. Rxc6 bxc6 31. Nb2 Qxf3+ 32. Kxf3 Nh4+ 33. Ke4 Nef5 34. Rg1 Nd6+ 35. exd6 f5+ 36. Ke5 Nf3+ 37. Kxe6 Nxg1 38. Nc4 Nf3 39. Ba5 Rde8+ 40. Kd7 Ka7 41. Bxf5 Re2 42. Kc7 Rb8 43. d7 Re7 44. Bb4 Rxd7+ 45. Kxd7 a5 46. Nxa5 Kb6 47. Nxc6 Rh8 48. Ne5 Rxh3 49. g5 Nxe5+ 50. fxe5 Rf3 51. e6 1-0

[Event "European Women-ch 2023"]
[Site "Petrovac"]
[Date "2023.03.19"]
[Round "2.14"]
[White "Shpanko, Nadiia"]
[Black "Khotenashvili, Bela"]
[Result "0-1"]
[WhiteElo "2164"]
[BlackElo "2491"]
[Annotator "TA"]
[PlyCount "74"]
[EventDate "2023.03.15"]
[EventType "swiss"]
[EventCountry "MNE"]
[SourceTitle "playchess.com"]
[Source "ChessBase"]
[SourceQuality "1"]

1. e4 g6 2. d4 Bg7 3. Nc3 d6 4. Be3 c6 5. Qd2 b5 6. f3 Nf6 7. Nge2 Nbd7 8. Bh6 Bxh6 9. Qxh6 Qa5 10. h4 b4 11. Nd1 Nb6 12. g4 Ba6 13. Nc1 Bxf1 14. Rxf1 Nc4 15. Nb3 Qb6 16. Rb1 a5 17. Ne3 Qb5 18. Nxc4 Qxc4 19. Qd2 a4 20. Nc1 h5 21. g5 Nd7 22. b3 axb3 23. axb3 Qb5 24. Nd3 Rb8 25. f4 e6 26. Qh2 O-O 27. Kd2 d5 28. e5 c5 29. f5 exf5 30. Nf4 cxd4 31. e6 Nc5 32. exf7+ Kxf7 33. Nxh5 Ne4+ 34. Ke1 gxh5 35. Rxf5+ Kg6 36. Rf4 Rbe8 37. Ra1 Ng3+ 0-1

[Event "European Women-ch 2023"]
[Site "Petrovac"]
[Date "2023.03.19"]
[Round "2.14"]
[White "Allahverdiyeva, Ayan"]
[Black "Buchholz, Maja Patricia"]
[Result "1/2-1/2"]
[WhiteElo "2124"]
[BlackElo "1883"]
[Annotator "TA"]
[PlyCount "60"]
[EventDate "2023.03.15"]
[EventType "swiss"]
[EventCountry "MNE"]
[SourceTitle "playchess.com"]
[Source "ChessBase"]
[SourceQuality "1"]

1. e4 e6 2. d4 d5 3. Nd2 dxe4 4. Nxe4 Nd7 5. Nf3 Ngf6 6. Bd3 c5 7. Bg5 Be7 8. Nxc5 Nxc5 9. dxc5 Qa5+ 10. c3 Qxc5 11. Qe2 O-O 12. O-O-O Rd8 13. Bxf6 Bxf6 14. Bxh7+ Kxh7 15. Rxd8 Bxd8 16. Qd3+ Qf5 17. Qxd8 b6 18. Ng5+ Kg6 19. h4 Bb7 20. Qe7 Bxg2 21. h5+ Kh6 22. Nxf7+ Kh7 23. Ng5+ Kh6 24. Nxe6 Bxh1 25. Qxg7+ Kxh5 26. Qg1 Qxe6 27. Qxh1+ Kg4 28. Qxa8 Qe1+ 29. Kc2 Qe2+ 30. Kb3 Qb5+ 1/2-1/2

[Event "European Women-ch 2023"]
[Site "Petrovac"]
[Date "2023.03.19"]
[Round "2.15"]
[White "Gunina, Valentina"]
[Black "Lach, Aleksandra"]
[Result "1-0"]
[WhiteElo "2478"]
[BlackElo "2170"]
[Annotator "TA"]
[PlyCount "137"]
[EventDate "2023.03.15"]
[EventType "swiss"]
[EventCountry "MNE"]
[SourceTitle "playchess.com"]
[Source "ChessBase"]
[SourceQuality "1"]

1. e4 c5 2. Nc3 g6 3. d4 cxd4 4. Qxd4 Nf6 5. Be3 Nc6 6. Qd2 Bg7 7. f3 O-O 8. O-O-O d6 9. Nge2 Qa5 10. Kb1 Be6 11. Nf4 Rac8 12. Nxe6 fxe6 13. Bc4 d5 14. Bb3 Kh8 15. exd5 Rfd8 16. Rhe1 a6 17. Qf2 Nxd5 18. Nxd5 Rxd5 19. Bxd5 exd5 20. c3 e5 21. Bb6 Qb5 22. Qc5 Qxc5 23. Bxc5 d4 24. cxd4 exd4 25. f4 Kg8 26. Rd3 Rd8 27. a3 Kf7 28. g4 Rd5 29. Bb6 h5 30. h3 Rb5 31. Bc7 hxg4 32. hxg4 Rd5 33. Rb3 b5 34. Rc1 Ne7 35. Ba5 Rd7 36. Bd2 Ke6 37. Rh3 Kd5 38. Rh7 Ng8 39. g5 Rf7 40. Bb4 a5 41. Bf8 Rxf8 42. Rxg7 b4 43. axb4 axb4 44. Ka2 Ke4 45. Re1+ Kf3 46. Rxg6 Ra8+ 47. Kb3 Kxf4 48. Kxb4 Kf5 49. Rg7 Rd8 50. Kc4 d3 51. Kc3 d2 52. Rd1 Re8 53. Rxd2 Ne7 54. b4 Rc8+ 55. Kb3 Nc6 56. Rgd7 Kxg5 57. Rf7 Kg4 58. Rd1 Kg3 59. Rg1+ Kh2 60. Rg5 Nd4+ 61. Kb2 Rh8 62. b5 Rh6 63. Kc3 Ne6 64. Re5 Kg3 65. b6 Nd8 66. Rd7 Rc6+ 67. Kd4 Rc8 68. b7 Rb8 69. Rxd8 1-0